Statystyki dla Państwa, które dzielą te regiony #6

Kliknij tutaj aby rozwiązać quiz!

Ogólne statystyki

  • Ten quiz został rozwiązany 393 razy
  • Średni wynik to 20 z 25

Statystyki odpowiedzi

RegionKraj% Poprawnych
Półwysep ArabskiArabia Saudyjska
98%
Macedonia (kraina historyczna)Grecja
96%
Macedonia (kraina historyczna)Macedonia Północna
96%
Półwysep ArabskiOman
95%
Półwysep SomalijskiSomalia
95%
Półwysep ArabskiJemen
94%
Półwysep ArabskiKatar
94%
Półwysep ArabskiZjednoczone Emiraty
Arabskie
94%
Macedonia (kraina historyczna)Serbia
93%
Macedonia (kraina historyczna)Bułgaria
92%
Macedonia (kraina historyczna)Albania
91%
Półwysep SomalijskiEtiopia
90%
Macedonia (kraina historyczna)Kosowo
88%
Półwysep ArabskiKuwejt
86%
Półwysep SomalijskiErytrea
85%
Półwysep ArabskiBahrajn
81%
Półwysep SomalijskiDżibuti
74%
Atlas (góry)Algieria
71%
Atlas (góry)Maroko
71%
Mierzeja KurońskaRosja
71%
Atlas (góry)Tunezja
70%
AtlasLibia
68%
Mierzeja KurońskaLitwa
56%
RodezjaZimbabwe
40%
RodezjaZambia
39%

Rozkład punktacji

Percentyl według liczby udzielonych odpowiedzi

Procent ludzi z każdym wynikiem

Twoja historia wyników

Nie rozwiązałeś tego quizu